Priebežný: čo nedáš, nedostaneš

Od 1. januára 2004 sa zmení priebežný pilier dôchodkového poistenia. Nastolenie princípu zásluhovosti. Stanovenie dôchodkov, diferenciácia dôchodkov, vzorec, podľa ktorého sa bude rátať dôchodok. Kedy do penzie.

Saved in:
Bibliographic Details
Main Author: Žitňanský, Eduard
Format: Book Chapter
Language:Slovak
Subjects:
Tags: Add Tag
No Tags, Be the first to tag this record!

MARC

LEADER 00000naa$a2200000$$$4500
001 0001648
005 20230908083516.2
041 0 |a slo 
044 |a SK 
245 1 0 |a Priebežný: čo nedáš, nedostaneš  |c aut. Eduard Žitňanský 
520 |a Od 1. januára 2004 sa zmení priebežný pilier dôchodkového poistenia. Nastolenie princípu zásluhovosti. Stanovenie dôchodkov, diferenciácia dôchodkov, vzorec, podľa ktorého sa bude rátať dôchodok. Kedy do penzie. 
610 2 0 |a reformy dôchodkové 
610 2 0 |a Slovensko 
100 1 |a Žitňanský, Eduard